000 00660nam a2200217 a 4500
005 20210223120534.0
008 991125s1984 mx 000 0 spa u
020 _a9688790044
035 _aUPN01000003080
049 _aSEP
050 4 _aND2399
_bL6.3
100 1 _aLópez Castro, Rafael
_929057
245 1 0 _aAntiguas aves de la mixteca /
_cRafael López Castro y Marco Antonio Pulido.
260 _aMéxico :
_bCultura :
_bErmitaño,
_c1984.
300 _a40 p. :
_bil
440 0 _aLetra y color
650 4 _aAVES EN LA LITERATURA
_94150
650 4 _aLIBROS INFANTILES PARA ILUMINAR
_98836
700 1 _aPulido, Marco Antonio,
_ecoaut.
905 _aLibro
999 _c3080
_d3080